| 000 | 00000nam##2200000za#4500 |
| 001 | 9.643073 |
| 003 | CaOODSP |
| 005 | 20210624224012 |
| 007 | cr ||||||||||| |
| 008 | 150407|2014||||xxc|||||o f|0| 0 fre|d |
| 020 | |a978-0-660-21960-8 |
| 040 | |aCaOODSP|bfre |
| 043 | |an-cn--- |
| 086 | 1 |aCi4-70/2014F-PDF |
| 110 | 1 |aCanada. |bCitoyenneté et immigration Canada. |
| 245 | 10|aProgramme de parrainage privé de réfugiés |h[ressource électronique] |
| 260 | |aOttawa - Ontario : |bCitoyenneté et Immigration Canada |cc2014. |
| 300 | |a35p. |
| 590 | |a15-05|b2015-01-30 |
| 691 | 07|aRéfugié|2gcpds |
| 775 | 08|tPrivate Sponsorship of Refugees program |w(CaOODSP)9.699099 |
| 856 | 40|ahttp://publications.gc.ca|qPDF|s828 Ko|uhttps://publications.gc.ca/collections/collection_2015/cic/Ci4-70-2014-fra.pdf |
| 986 | |aC&I 2025-11/14 |